|
|
|
|
| LEADER |
00000naa0a2200000 4500 |
| 001 |
647984 |
| 005 |
20250624093903.0 |
| 035 |
|
|
|a (RuTPU)RU\TPU\network\13141
|
| 090 |
|
|
|a 647984
|
| 100 |
|
|
|a 20160429d2015 k y0rusy50 ca
|
| 101 |
0 |
|
|a rus
|
| 102 |
|
|
|a RU
|
| 135 |
|
|
|a drcn ---uucaa
|
| 181 |
|
0 |
|a i
|
| 182 |
|
0 |
|a b
|
| 200 |
1 |
|
|a Геостатистическое моделирование свойств геологических сред по данным наземной и скважинной сейсморазведки
|f В. В. Шестаков, Д. Ю. Степанов
|
| 203 |
|
|
|a Текст
|c электронный
|
| 300 |
|
|
|a Заглавие с экрана
|
| 320 |
|
|
|a [Библиогр.: с. 57 (4 назв.)]
|
| 463 |
|
1 |
|t XVI Всероссийская конференция молодых ученых по математическому моделированию и информационным технологиям
|o тезисы докладов, г. Красноярск, 28-30 октября 2015 г.
|f Российская академия наук (РАН), Сибирское отделение (СО), Институт вычислительных технологий (ИВТ) ; Российская академия наук (РАН), Сибирское отделение (СО), Институт вычислительного моделирования (ИВМ)
|v [С. 57]
|d 2015
|
| 610 |
1 |
|
|a электронный ресурс
|
| 610 |
1 |
|
|a труды учёных ТПУ
|
| 700 |
|
1 |
|a Шестаков
|b В. В.
|g Валерий Владимирович
|
| 701 |
|
1 |
|a Степанов
|b Д. Ю.
|c специалист в области информатики и вычислительной техники
|c доцент Томского политехнического университета, кандидат технических наук
|f 1971-
|g Дмитрий Юрьевич
|3 (RuTPU)RU\TPU\pers\25950
|
| 712 |
0 |
2 |
|a Национальный исследовательский Томский политехнический университет (ТПУ)
|b Институт кибернетики (ИК)
|b Кафедра прикладной математики (ПМ)
|3 (RuTPU)RU\TPU\col\18700
|
| 801 |
|
2 |
|a RU
|b 63413507
|c 20160429
|g RCR
|
| 850 |
|
|
|a 63413507
|
| 856 |
4 |
|
|u http://conf.nsc.ru/files/conferences/ym2015/298631/YM2015.pdf#page=57
|
| 942 |
|
|
|c CF
|